Podujatia organizované na Fakulte hospodárskej informatiky v rámci týždňa vedy a techniky na Slovensku 2012

Informácia o podujatiach organizovaných Fakultou hospodárskej informatiky v rámci týždňa vedy a techniky na Slovensku.

Salvato in:
Dettagli Bibliografici
Autore principale: Šlosárová, Anna
Natura: Capitolo di libro
Lingua:slovacco
Soggetti:
Tags: Aggiungi Tag
Nessun Tag, puoi essere il primo ad aggiungerne!!

MARC

LEADER 00000naa a2200000 4500
001 0165521
005 20240502072902.7
041 0 |a slo 
044 |a SK 
245 1 0 |a Podujatia organizované na Fakulte hospodárskej informatiky v rámci týždňa vedy a techniky na Slovensku 2012  |c Anna Šlosárová 
520 |a Informácia o podujatiach organizovaných Fakultou hospodárskej informatiky v rámci týždňa vedy a techniky na Slovensku. 
610 2 0 |a veda 
610 2 0 |a výskum 
610 2 0 |a Slovensko 
610 2 0 |a konferencie 
610 2 0 |a školy vysoké 
100 1 |a Šlosárová, Anna